000 00252nam a22001217a 4500
008 170714b xxu||||| |||| 00| 0 eng d
041 _aeng
080 _a101
100 _a24
101 _aFIL
245 _athe objectivist
_cRAND, A
942 _2udc
_cBK
999 _c20716
_d20716